[Event "Rated Blitz game"]
[Site "?"]
[Date "2021.11.29"]
[Round "?"]
[White "Soldier1712"]
[Black "Taabling"]
[Result "0-1"]
[WhiteElo "2450"]
[BlackElo "2457"]
[PlyCount "82"]
[EventDate "2021.??.??"]
[EventType "blitz"]

1. e4 e5 2. Nf3 d5 3. Nxe5 Bd6 4. d4 dxe4 5. Bc4 Bxe5 6. dxe5 Qxd1+ 7. Kxd1 Nc6
8. Nc3 Bf5 9. Bf4 Nge7 10. Re1 O-O-O+ 11. Kc1 Ng6 12. Bg3 Ngxe5 13. Bb3 f6 14.
Nxe4 Rhe8 15. f3 Nd7 16. a3 Bxe4 17. Rxe4 Rxe4 18. fxe4 Nc5 19. Bd5 Re8 20.
Bxc6 bxc6 21. Bf2 Rxe4 22. b4 Na4 23. Kd2 Nb6 24. Kd3 Re6 25. Bc5 a6 26. a4 Nd7
27. Bf2 Ne5+ 28. Kc3 Ng4 29. Bg3 Re2 30. Kb3 Ne3 31. Rg1 Nxg2 32. c3 g6 33. Rd1
Ne3 34. Rd4 Nd5 35. Rd3 Re3 36. Rxe3 Nxe3 37. c4 g5 38. Kc3 f5 39. Kd3 f4 40.
Bf2 Ng4 41. Bg1 f3 {Time forfeit} 0-1

[Event "Rated Blitz tournament VfVOX2cw"]
[Site "?"]
[Date "2021.11.29"]
[Round "?"]
[White "amzbkd"]
[Black "Prambanan_Chess"]
[Result "0-1"]
[WhiteElo "2386"]
[BlackElo "2585"]
[PlyCount "82"]
[EventDate "2021.??.??"]
[EventType "blitz"]

1. e4 e5 2. Nf3 d5 3. Nxe5 Bd6 4. d4 dxe4 5. Nc4 Be7 6. Be2 Nf6 7. O-O O-O 8.
Ne3 Nc6 9. d5 Ne5 10. h3 Bd6 11. c4 b6 12. Nc3 Re8 13. Nc2 a6 14. Nd4 Bd7 15.
Bg5 Ng6 16. Nc6 Bxc6 17. dxc6 h6 18. Bxf6 Qxf6 19. Nd5 Qxb2 20. Rb1 Qe5 21. g3
Qe6 22. Kg2 Ne5 23. Qc2 Nxc6 24. Rfd1 Qe5 25. c5 Bxc5 26. Nf4 Nd4 27. Qc4 Nxe2
28. Qxe2 a5 29. Rd5 Qe7 30. Rbd1 Bd6 31. Nh5 Qe6 32. h4 Rad8 33. Nf4 Qf6 34.
Nh5 Qe6 35. Nf4 Qc8 36. Nh3 Be7 37. Rxd8 Rxd8 38. Rxd8+ Qxd8 39. Qxe4 Bd6 40.
Ng1 Qe7 41. Ne2 Qxe4+ {Normal} 0-1

[Event "Rated Blitz game"]
[Site "?"]
[Date "2021.11.29"]
[Round "?"]
[White "ChessDenYT"]
[Black "Annali-annaliew1979"]
[Result "1-0"]
[WhiteElo "2393"]
[BlackElo "2433"]
[PlyCount "75"]
[EventDate "2021.??.??"]
[EventType "blitz"]

1. e4 e5 2. Nf3 d5 3. Nxe5 Qe7 4. d4 f6 5. Nf3 dxe4 6. Nfd2 f5 7. Nc4 Nf6 8.
Bf4 Nc6 9. Ne5 Be6 10. Nxc6 bxc6 11. c3 Nd5 12. Be5 Qf7 13. Nd2 Bd6 14. Nc4 Rd8
15. Qa4 Bd7 16. Bxd6 Nb6 17. Nxb6 axb6 18. Bxc7 Rc8 19. Bxb6 c5 20. Qb3 Be6 21.
Qa4+ Bd7 22. Bb5 cxd4 23. Bxd7+ Qxd7 24. Qxd7+ Kxd7 25. Bxd4 Ke6 26. g3 Rhg8
27. f4 Kd5 28. Kf2 Ra8 29. h4 Rgb8 30. Rhb1 g6 31. Ke3 Ra4 32. b3 Ra3 33. c4+
Kc6 34. Bb2 Ra6 35. Rd1 Kc5 36. Rd5+ Kc6 37. Be5 Rxb3+ 38. axb3 {Normal} 1-0

[Event "Rated Blitz tournament VfVOX2cw"]
[Site "?"]
[Date "2021.11.29"]
[Round "?"]
[White "Rembo_BBC"]
[Black "Prambanan_Chess"]
[Result "1-0"]
[WhiteElo "2648"]
[BlackElo "2474"]
[PlyCount "87"]
[EventDate "2021.??.??"]
[EventType "blitz"]

1. e4 e5 2. Nf3 d5 3. d4 dxe4 4. Nxe5 Bd6 5. Qh5 g6 6. Qe2 Qe7 7. Qxe4 f6 8. f4
fxe5 9. fxe5 Bb4+ 10. c3 Ba5 11. Bc4 Nc6 12. O-O Bf5 13. Qd5 Qd7 14. Qb5 O-O-O
15. Qb3 Kb8 16. Bg5 Nge7 17. Na3 Bb6 18. Kh1 Rhf8 19. e6 Qe8 20. d5 Ne5 21.
Rad1 Nxc4 22. Qxc4 Nc8 23. Bxd8 Qxd8 24. Nb5 a6 25. Nd4 Nd6 26. Qe2 Bxd4 27.
Rxd4 Re8 28. Re1 Qf6 29. Rd2 Ne4 30. Rd4 Nd6 31. Rf4 Qe7 32. c4 h5 33. c5 Nc8
34. Qe3 Rd8 35. Rd1 Na7 36. h3 Nc8 37. g4 hxg4 38. hxg4 Bc2 39. Rd2 g5 40. Rf7
Rh8+ 41. Kg1 Qe8 42. Rxc2 Qb5 43. Qe2 Qxc5+ 44. Rxc5 {Normal} 1-0

[Event "Rated Blitz game"]
[Site "?"]
[Date "2021.11.29"]
[Round "?"]
[White "Pulykaharcos"]
[Black "GrandeGila"]
[Result "0-1"]
[WhiteElo "2341"]
[BlackElo "2505"]
[PlyCount "142"]
[EventDate "2021.??.??"]
[EventType "blitz"]

1. e4 e5 2. Nf3 d5 3. Qe2 Nf6 4. exd5 e4 5. Ne5 Qxd5 6. Qb5+ Qxb5 7. Bxb5+ c6
8. Bc4 Be6 9. Bxe6 fxe6 10. Nc3 Bd6 11. Nc4 Bc7 12. O-O Nbd7 13. Re1 b5 14. Ne3
O-O 15. Nf1 Nc5 16. b4 Na6 17. Nxe4 Nxb4 18. Ba3 Nxc2 19. Bxf8 Rxf8 20. Nxf6+
Rxf6 21. Rac1 Nxe1 22. Rxe1 Ba5 23. Rc1 e5 24. Rc2 Rd6 25. g3 Kf7 26. Kg2 Ke6
27. Kf3 Rd3+ 28. Ke2 Rd6 29. Ne3 Kd7 30. Nf5 Rg6 31. h4 h5 32. a4 a6 33. axb5
axb5 34. d4 exd4 35. Nxd4 Bb6 36. Nf5 Rf6 37. Nxg7 Rxf2+ 38. Kd3 Rf3+ 39. Ke4
Rxg3 40. Nxh5 Rg4+ 41. Ke5 Rxh4 42. Nf6+ Kc7 43. Nd5+ Kb7 44. Ne7 Rh5+ 45. Ke4
c5 46. Nd5 Kc6 47. Nb4+ Kd7 48. Rd2+ Ke6 49. Nd5 Rh4+ 50. Nf4+ Ke7 51. Ke5 Bc7+
52. Kd5 Bxf4 53. Kxc5 Bxd2 54. Kxb5 Rd4 55. Kc6 Rd6+ 56. Kc5 Be3+ 57. Kc4 Ke6
58. Kc3 Ke5 59. Kc4 Rc6+ 60. Kb5 Rc1 61. Kb4 Kd4 62. Kb3 Rc8 63. Kb2 Kd3 64.
Kb3 Rb8+ 65. Ka4 Kc4 66. Ka5 Rb1 67. Ka6 Bd4 68. Ka5 Be5 69. Ka6 Kc5 70. Ka7
Kc6 71. Ka6 Ra1# {Normal} 0-1

[Event "Rated Blitz game"]
[Site "?"]
[Date "2021.11.29"]
[Round "?"]
[White "micfel"]
[Black "Slimslik02"]
[Result "1-0"]
[WhiteElo "2545"]
[BlackElo "2398"]
[PlyCount "65"]
[EventDate "2021.??.??"]
[EventType "blitz"]

1. e4 e5 2. Nf3 d5 3. Nxe5 Bd6 4. d4 dxe4 5. Be2 Bxe5 6. dxe5 Qxd1+ 7. Bxd1 Nc6
8. Nc3 Bf5 9. Bf4 Nge7 10. O-O Ng6 11. Bg3 O-O-O 12. Re1 Rd4 13. Ne2 Rd2 14.
Nc3 Rhd8 15. a3 Ngxe5 16. f3 e3 17. Bxe5 Nxe5 18. Rxe3 Nc4 19. Re7 Be6 20. Rb1
Ne3 21. Be2 Rxc2 22. g4 Rh8 23. Kf2 Rxe2+ 24. Kxe2 Nc4 25. Nb5 Nd6 26. Nxd6+
cxd6 27. Rc1+ Kd8 28. Rcc7 Bd5 29. Ke3 Bc6 30. b4 Re8 31. Rxe8+ Kxe8 32. Rc8+
Kd7 33. Rg8 {Time forfeit} 1-0

[Event "Rated Blitz tournament VfVOX2cw"]
[Site "?"]
[Date "2021.11.29"]
[Round "?"]
[White "amzbkd"]
[Black "Brawijaya1_BBC"]
[Result "1-0"]
[WhiteElo "2366"]
[BlackElo "2451"]
[PlyCount "91"]
[EventDate "2021.??.??"]
[EventType "blitz"]

1. e4 e5 2. Nf3 d5 3. Nxe5 Bd6 4. d4 dxe4 5. Nc4 Be7 6. Be2 Nf6 7. O-O O-O 8.
Nc3 Re8 9. Bg5 h6 10. Bh4 Bf5 11. Re1 Nc6 12. d5 Nxd5 13. Qxd5 Qxd5 14. Nxd5
Bxh4 15. Nxc7 Rac8 16. Nxe8 Rxe8 17. c3 Be6 18. g3 Bf6 19. Rad1 g6 20. Nd6 Rb8
21. Nxe4 Be7 22. b3 a5 23. Bc4 Bg4 24. Be2 Be6 25. Kg2 Kg7 26. Bc4 Bg4 27. f3
Bf5 28. Nd6 b5 29. Nxf5+ gxf5 30. Bd5 f4 31. Bxc6 Bg5 32. h4 Bf6 33. Rd7 Bxc3
34. Ree7 Rf8 35. Bd5 Kf6 36. Rxf7+ Rxf7 37. Rxf7+ Kg6 38. g4 h5 39. Rb7 b4 40.
Rb6+ Kg7 41. g5 a4 42. Be4 a3 43. Rb7+ Kf8 44. Bd5 Bd4 45. g6 Bc5 46. g7+ {
Normal} 1-0

[Event "Rated Blitz game"]
[Site "?"]
[Date "2021.11.29"]
[Round "?"]
[White "Genialny_zolw"]
[Black "Rock_Maninoff"]
[Result "1-0"]
[WhiteElo "2412"]
[BlackElo "2344"]
[PlyCount "91"]
[EventDate "2021.??.??"]
[EventType "blitz"]

1. e4 e5 2. Nf3 d5 3. exd5 e4 4. Qe2 Nf6 5. d3 Bb4+ 6. c3 O-O 7. dxe4 Bc5 8.
Nbd2 Re8 9. b4 Bb6 10. h3 Nxd5 11. Qd3 Nc6 12. Be2 Nf4 13. Qxd8 Rxd8 14. Kf1
Be6 15. Ng5 Ne5 16. Nxe6 fxe6 17. Nb3 Rf8 18. Bxf4 Rxf4 19. f3 Rd8 20. Ke1 Rf7
21. Rd1 Rfd7 22. Rxd7 Rxd7 23. Bb5 c6 24. Be2 Nd3+ 25. Bxd3 Rxd3 26. c4 Bc7 27.
Ke2 Rc3 28. Rc1 Rxc1 29. Nxc1 b6 30. Nd3 Kf7 31. b5 c5 32. a4 g5 33. Nf2 h5 34.
Kd3 Be5 35. Nd1 Bd4 36. Ne3 Bxe3 37. Kxe3 h4 38. Kf2 Kf6 39. g3 Ke5 40. gxh4
gxh4 41. Ke3 Kf6 42. Kf4 e5+ 43. Kg4 Kg6 44. Kxh4 Kh6 45. Kg4 Kg6 46. h4 {
Normal} 1-0

[Event "Rated Blitz game"]
[Site "?"]
[Date "2021.11.29"]
[Round "?"]
[White "DJaeggi"]
[Black "Maltinho"]
[Result "0-1"]
[WhiteElo "2652"]
[BlackElo "2650"]
[PlyCount "68"]
[EventDate "2021.??.??"]
[EventType "blitz"]

1. e4 e5 2. Nf3 d5 3. exd5 Bd6 4. d4 e4 5. Ne5 Nf6 6. Bb5+ c6 7. dxc6 bxc6 8.
Nxc6 Qb6 9. Nc3 Nxc6 10. d5 O-O 11. Bxc6 Rb8 12. O-O Bg4 13. Qd2 Bh5 14. Qg5 h6
15. Qh4 Qc7 16. Nb5 Rxb5 17. Bxb5 Be5 18. c3 g5 19. Qh3 Kg7 20. Re1 Bg4 21. Qe3
Bxh2+ 22. Kh1 Bf4 23. Qd4 Be5 24. d6 Bxd4 25. dxc7 Bxf2 26. Rf1 e3 27. Bxe3
Bxe3 28. Rae1 Bb6 29. a4 Bxc7 30. b4 h5 31. Re7 Bd6 32. Rxa7 h4 33. Ra6 Be5 34.
c4 Rh8 {Normal} 0-1

[Event "Rated Blitz game"]
[Site "?"]
[Date "2021.11.29"]
[Round "?"]
[White "Beltane"]
[Black "walodelpalo"]
[Result "0-1"]
[WhiteElo "2447"]
[BlackElo "2324"]
[PlyCount "24"]
[EventDate "2021.??.??"]
[EventType "blitz"]

1. e4 e5 2. Nf3 d5 3. Nxe5 Bd6 4. d4 dxe4 5. Nc4 Nf6 6. Nxd6+ Qxd6 7. g3 O-O 8.
c3 Nc6 9. Bf4 Qe7 10. Bg2 Nd5 11. Bd2 e3 12. O-O e2 {Normal} 0-1

[Event "Rated Blitz game"]
[Site "?"]
[Date "2021.11.29"]
[Round "?"]
[White "Laudi64"]
[Black "batasjon"]
[Result "1-0"]
[WhiteElo "2502"]
[BlackElo "2458"]
[PlyCount "55"]
[EventDate "2021.??.??"]
[EventType "blitz"]

1. e4 e5 2. Nf3 d5 3. c3 dxe4 4. Qa4+ Nc6 5. Qxe4 Nf6 6. Qa4 Bc5 7. Bb5 Bd7 8.
O-O O-O 9. Qc2 Re8 10. d3 a6 11. Ba4 Re6 12. Bg5 h6 13. Bh4 g5 14. Bg3 Nh5 15.
Nbd2 Nf4 16. Ne4 Ba7 17. Rfe1 Rg6 18. Bxc6 Bxc6 19. Nxe5 h5 20. Nxg6 fxg6 21.
d4 h4 22. Bxf4 gxf4 23. f3 h3 24. gxh3 Qh4 25. Qg2 Kg7 26. Ng5 Rh8 27. Re7+ Kf6
28. Rf7# {Normal} 1-0

[Event "Rated Blitz tournament esYWKV8r"]
[Site "?"]
[Date "2021.11.29"]
[Round "?"]
[White "sdmm"]
[Black "Secret2700"]
[Result "0-1"]
[WhiteElo "2209"]
[BlackElo "2506"]
[PlyCount "40"]
[EventDate "2021.??.??"]
[EventType "blitz"]

1. e4 e5 2. Nf3 d5 3. exd5 e4 4. Qe2 Nf6 5. Nc3 Be7 6. Nd4 O-O 7. Nxe4 Re8 8.
d3 Nxd5 9. Be3 f5 10. Nd2 f4 11. O-O-O fxe3 12. fxe3 Bf6 13. N2b3 Nxe3 14. Re1
Bxd4 15. Nxd4 Qxd4 16. c3 Qf4 17. Kb1 Bd7 18. g3 Qf8 19. Bg2 Nxg2 20. Qxg2 Nc6
{Normal} 0-1

[Event "Rated Blitz game"]
[Site "?"]
[Date "2021.11.29"]
[Round "?"]
[White "DJaeggi"]
[Black "Maltinho"]
[Result "0-1"]
[WhiteElo "2664"]
[BlackElo "2638"]
[PlyCount "62"]
[EventDate "2021.??.??"]
[EventType "blitz"]

1. e4 e5 2. Nf3 d5 3. exd5 Bd6 4. Nc3 Nf6 5. d3 O-O 6. Be2 h6 7. O-O c6 8. dxc6
Nxc6 9. Ne4 Be7 10. b3 Nd5 11. Bb2 f5 12. Ned2 Bf6 13. Nc4 Re8 14. Re1 b5 15.
Ne3 Nf4 16. Bf1 Nd4 17. g3 Bb7 18. Bxd4 exd4 19. Nxf5 Qd5 20. Rxe8+ Rxe8 21.
gxf4 Qxf5 22. Bg2 Qxf4 23. Nd2 Qg5 24. Ne4 Bxe4 25. dxe4 Rxe4 26. Qf3 Rg4 27.
h3 Rf4 28. Qd5+ Kh7 29. Qxg5 hxg5 30. Re1 d3 31. Be4+ Rxe4 {Normal} 0-1

[Event "Rated Blitz game"]
[Site "?"]
[Date "2021.11.28"]
[Round "?"]
[White "EireneOnWeb44"]
[Black "Erow"]
[Result "0-1"]
[WhiteElo "2646"]
[BlackElo "2717"]
[PlyCount "84"]
[EventDate "2021.??.??"]
[EventType "blitz"]

1. e4 e5 2. Nf3 d5 3. exd5 e4 4. Nd4 Qxd5 5. Nb3 Nf6 6. Be2 Bd6 7. Nc3 Qe5 8.
d3 exd3 9. Qxd3 Nc6 10. Qe3 Be6 11. Qxe5 Bxe5 12. Bd2 O-O-O 13. O-O-O Rhe8 14.
Bf3 Nd4 15. Nxd4 Bxd4 16. Be3 Bxc3 17. bxc3 Bd5 18. Bxd5 Nxd5 19. Bd4 f6 20.
Rhe1 b6 21. c4 Nf4 22. Rxe8 Rxe8 23. Bc3 Re4 24. g3 Nh3 25. Rd4 Nxf2 26. Kb2
Rxd4 27. Bxd4 Ne4 28. Be3 Kd7 29. c3 c5 30. Kc2 Ke6 31. Kd3 Nd6 32. a4 g5 33.
a5 Nb7 34. axb6 axb6 35. h3 h5 36. Bf2 Kf5 37. Ke3 Nd6 38. Kd3 Ne4 39. Be1 Ke5
40. Ke3 f5 41. Kd3 f4 42. gxf4+ Kxf4 {Normal} 0-1

[Event "Rated Blitz game"]
[Site "?"]
[Date "2021.11.28"]
[Round "?"]
[White "Axmedov_Azamat"]
[Black "mirekkk14"]
[Result "0-1"]
[WhiteElo "2533"]
[BlackElo "2393"]
[PlyCount "158"]
[EventDate "2021.??.??"]
[EventType "blitz"]

1. e4 e5 2. Nf3 d5 3. Nc3 d4 4. Nd5 Nc6 5. c3 Be6 6. Bc4 f6 7. O-O Qd7 8. d3
Nge7 9. Nxe7 Bxe7 10. Bxe6 Qxe6 11. cxd4 exd4 12. Bf4 O-O-O 13. Qa4 Kb8 14.
Rac1 Bd6 15. Bxd6 Qxd6 16. Rc2 Ne5 17. Nxe5 fxe5 18. Rfc1 Rd7 19. Qb5 a6 20.
Qc5 Qxc5 21. Rxc5 Re8 22. f3 Ree7 23. a4 b6 24. Rc6 Kb7 25. a5 Rd6 26. R6c4
bxa5 27. Ra1 Rb6 28. Rxa5 Rxb2 29. Rca4 Rb6 30. Kf2 Ree6 31. Rc4 Rb5 32. Ra3 c5
33. Ra2 Kb6 34. Rca4 a5 35. Ke2 Ka6 36. Kd2 Reb6 37. Kc1 g5 38. Kc2 h5 39. h3
Rg6 40. Rb2 Rxb2+ 41. Kxb2 Kb5 42. Rc4 g4 43. hxg4 hxg4 44. Rc2 gxf3 45. gxf3
Kb4 46. Rc4+ Kb5 47. Rc2 Rg3 48. Rf2 Kb4 49. Kc2 c4 50. dxc4 Kxc4 51. Kd2 a4
52. f4 Rb3 53. fxe5 a3 54. Rf1 Rb2+ 55. Kc1 Re2 56. Kb1 d3 57. e6 Rxe4 58. Ka2
Rxe6 59. Kxa3 d2 60. Rd1 Kc3 61. Ka4 Kc2 62. Rxd2+ Kxd2 63. Kb5 Kd3 64. Kc5 Re4
65. Kd5 Rd4+ 66. Kc5 Kc3 67. Kc6 Kc4 68. Kb6 Rd5 69. Kc6 Kd4 70. Kb6 Rc5 71.
Kb7 Kc4 72. Kb6 Kb4 73. Kb7 Kb5 74. Ka7 Rc6 75. Kb7 Kc5 76. Ka7 Rb6 77. Ka8 Kc6
78. Ka7 Kc7 79. Ka8 Ra6# {Normal} 0-1

[Event "Rated Blitz game"]
[Site "?"]
[Date "2021.11.28"]
[Round "?"]
[White "CzemuGraszNaWajche"]
[Black "Lorian2514"]
[Result "0-1"]
[WhiteElo "2426"]
[BlackElo "2539"]
[PlyCount "44"]
[EventDate "2021.??.??"]
[EventType "blitz"]

1. e4 e5 2. Nf3 d5 3. exd5 e4 4. Nc3 exf3 5. Qxf3 Nf6 6. Bc4 Bd6 7. O-O O-O 8.
d4 Bg4 9. Qd3 h6 10. f3 Bh5 11. Re1 Nbd7 12. Ne4 Nb6 13. Nxf6+ Qxf6 14. Bb3
Bxh2+ 15. Kf1 Bg3 16. Re2 Rad8 17. c4 c6 18. Be3 Bg6 19. Qd2 cxd5 20. c5 Nc4
21. Bxc4 dxc4 22. Rc1 Bd3 {Normal} 0-1

[Event "Rated Blitz game"]
[Site "?"]
[Date "2021.11.28"]
[Round "?"]
[White "MarkaryanEmil"]
[Black "mirekkk14"]
[Result "0-1"]
[WhiteElo "2401"]
[BlackElo "2391"]
[PlyCount "106"]
[EventDate "2021.??.??"]
[EventType "blitz"]

1. e4 e5 2. Nf3 d5 3. exd5 e4 4. Qe2 Nf6 5. d3 Qxd5 6. dxe4 Qxe4 7. Nc3 Bb4 8.
Bd2 Qxe2+ 9. Bxe2 O-O 10. O-O-O Re8 11. Rhe1 Bg4 12. h3 Bh5 13. g4 Bg6 14. Bb5
c6 15. Bc4 Nbd7 16. a3 Ba5 17. Nd4 Bb6 18. Be3 Ne5 19. Be2 h6 20. f4 Ned7 21.
Bc4 Ne4 22. f5 Nxc3 23. fxg6 Nd5 24. Bxd5 cxd5 25. gxf7+ Kxf7 26. Nf5 Bxe3+ 27.
Nxe3 Nf6 28. Nf5 Rad8 29. Rxe8 Nxe8 30. c4 Nf6 31. cxd5 Nxd5 32. b4 g6 33.
Nxh6+ Kg7 34. g5 Rc8+ 35. Kb2 Ne3 36. Rd7+ Kf8 37. Rf7+ Ke8 38. Rh7 Rc2+ 39.
Kb3 Rg2 40. h4 Rg3 41. Rxb7 Nf5+ 42. Ka4 Nxh4 43. Rxa7 Rxg5 44. Nf7 Rg1 45. Ne5
g5 46. Rg7 Nf5 47. Rf7 Nd6 48. Rg7 Ne4 49. Rg8+ Ke7 50. b5 Ke6 51. Nc4 Rg4 52.
b6 Nd6 53. Kb4 Rxc4+ {Time forfeit} 0-1

[Event "Rated Blitz game"]
[Site "?"]
[Date "2021.11.28"]
[Round "?"]
[White "NormWeinstein"]
[Black "Schachelite"]
[Result "1-0"]
[WhiteElo "2456"]
[BlackElo "2527"]
[PlyCount "59"]
[EventDate "2021.??.??"]
[EventType "blitz"]

1. e4 e5 2. Nf3 d5 3. d4 dxe4 4. Nxe5 Bd6 5. Bf4 Nf6 6. Be2 O-O 7. O-O Nbd7 8.
Nc3 Qe7 9. f3 Nxe5 10. dxe5 Bxe5 11. fxe4 Bxc3 12. bxc3 Nxe4 13. Bd3 Qc5+ 14.
Kh1 Nf2+ 15. Rxf2 Qxf2 16. Qh5 g6 17. Qh6 Re8 18. Bg3 Qf6 19. Rf1 Qxc3 20. h3
Be6 21. Be1 Qg7 22. Qf4 Bxa2 23. Qxc7 Bd5 24. Bc3 Qf8 25. Qf4 Rec8 26. Bb2 h5
27. Qe5 Kh7 28. Qxd5 a5 29. Rxf7+ Qxf7 30. Qxf7+ {Normal} 1-0

[Event "Rated Blitz game"]
[Site "?"]
[Date "2021.11.28"]
[Round "?"]
[White "yundi_depok"]
[Black "emiliofelixramirez"]
[Result "0-1"]
[WhiteElo "2362"]
[BlackElo "2452"]
[PlyCount "100"]
[EventDate "2021.??.??"]
[EventType "blitz"]

1. e4 e5 2. Nf3 d5 3. Nxe5 Bd6 4. Nxf7 Kxf7 5. exd5 Nf6 6. c4 Re8+ 7. Be2 Bg4
8. f3 Bxh2 9. Rxh2 Qd6 10. Rh1 Qg3+ 11. Kf1 Kg8 12. fxg4 Nbd7 13. Qe1 Qe5 14.
Qf2 Ne4 15. Qh4 Ng3+ 16. Kg1 Nxe2+ 17. Kf2 Qf4+ 18. Ke1 Ng3+ 19. Kd1 Nxh1 20.
Qxh1 Qxg4+ 21. Kc2 Qg6+ 22. d3 Nc5 23. Qh3 Re2+ 24. Bd2 Rae8 25. Nc3 R8e3 26.
Qc8+ Re8 27. Qh3 R2e3 28. Bxe3 Qxd3+ 29. Kc1 Qxe3+ 30. Qxe3 Rxe3 31. Kd2 Rg3
32. Rg1 c6 33. b4 Nd7 34. d6 Rg4 35. c5 Rxb4 36. Re1 Nxc5 37. Re7 Rd4+ 38. Ke3
Rxd6 39. Ne2 Re6+ 40. Rxe6 Nxe6 41. Ke4 Kf7 42. Ke5 Ke7 43. g4 b5 44. Ng3 g6
45. Ne4 c5 46. g5 c4 47. Kd5 a6 48. Kc6 b4 49. Kb6 c3 50. Nf2 Nf4 {Normal} 0-1

[Event "Rated Blitz game"]
[Site "?"]
[Date "2021.11.28"]
[Round "?"]
[White "Urquharts"]
[Black "Schachelite"]
[Result "1-0"]
[WhiteElo "2516"]
[BlackElo "2527"]
[PlyCount "111"]
[EventDate "2021.??.??"]
[EventType "blitz"]

1. e4 e5 2. Nf3 d5 3. Nxe5 Bd6 4. d4 dxe4 5. Nc4 Nf6 6. Nc3 O-O 7. Nxd6 Qxd6 8.
Bg5 Nc6 9. Bxf6 Qxf6 10. d5 Ne7 11. Bc4 e3 12. O-O Qe5 13. fxe3 Qxe3+ 14. Kh1
Nf5 15. Bd3 Nd6 16. Rf3 Qh6 17. Rg3 Bd7 18. Qf3 Rae8 19. Rf1 Re7 20. Ne2 Rfe8
21. Nf4 Re3 22. Qxe3 Rxe3 23. Rxe3 Kf8 24. c4 b6 25. b4 g5 26. Ne6+ Bxe6 27.
Rxe6 Qg7 28. c5 Qd4 29. cxd6 Qxd3 30. Ref6 cxd6 31. Rxf7+ Kg8 32. R7f5 h6 33.
h3 Kg7 34. Rf6 Qxd5 35. R6f5 Qxa2 36. Re1 Qb2 37. b5 Qc2 38. Rd5 Qc7 39. Red1
Qd7 40. Rxd6 Qxb5 41. Kh2 a5 42. R1d5 Qb4 43. Re6 a4 44. Rd7+ Kf8 45. Rxh6 Qf4+
46. Kg1 Qe3+ 47. Kf1 Qe5 48. Rhh7 Qf5+ 49. Ke1 Qxh7 50. Rxh7 Kg8 51. Rb7 Kf8
52. Rxb6 Kg8 53. Rb8+ Kf7 54. Ra8 Kf6 55. Ra7 Kf5 56. Ra6 {Time forfeit} 1-0

[Event "Rated Blitz game"]
[Site "?"]
[Date "2021.11.28"]
[Round "?"]
[White "Axmedov_Azamat"]
[Black "mirekkk14"]
[Result "0-1"]
[WhiteElo "2518"]
[BlackElo "2409"]
[PlyCount "104"]
[EventDate "2021.??.??"]
[EventType "blitz"]

1. e4 e5 2. Nf3 d5 3. exd5 e4 4. Ng1 Nf6 5. Nc3 Bb4 6. a3 Bxc3 7. dxc3 Qxd5 8.
Qxd5 Nxd5 9. Ne2 Nc6 10. Ng3 Nf6 11. Bb5 Bd7 12. O-O O-O-O 13. Re1 Rhe8 14. Bg5
a6 15. Bxf6 gxf6 16. Bc4 Ne5 17. Bb3 f5 18. Rad1 Be6 19. Nh5 Bxb3 20. cxb3 Nd3
21. Re2 Nxb2 22. Rxd8+ Rxd8 23. g3 Rd1+ 24. Kg2 Nd3 25. Ng7 Ne1+ 26. Kh3 Nf3
27. Nxf5 Ng1+ 28. Kg4 Nxe2 29. Nh6 Nxc3 30. Nxf7 Rd2 31. f4 exf3 32. Kxf3 Nb5
33. a4 Nd6 34. Ng5 h6 35. Ne6 Rd3+ 36. Kg4 Rxb3 37. Kh5 Nf5 38. g4 Rh3+ 39. Kg6
Ne3 40. g5 hxg5 41. Kxg5 Rxh2 42. a5 Ra2 43. Kf4 Nd5+ 44. Ke5 Rxa5 45. Kd4 Nb4
46. Kc4 c5 47. Nxc5 Rxc5+ 48. Kxc5 a5 49. Kb5 b6 50. Kxb6 a4 51. Kb5 a3 52.
Kxb4 a2 {Normal} 0-1

[Event "Rated Blitz game"]
[Site "?"]
[Date "2021.11.28"]
[Round "?"]
[White "walaasarwat"]
[Black "luckyluke9999"]
[Result "0-1"]
[WhiteElo "2422"]
[BlackElo "2598"]
[PlyCount "21"]
[EventDate "2021.??.??"]
[EventType "blitz"]

1. e4 e5 2. Nf3 d5 3. exd5 e4 4. Qe2 Nf6 5. Nc3 Be7 6. Nxe4 O-O 7. d3 Qxd5 8.
Bd2 Nc6 9. O-O-O Qxa2 10. Bc3 Nd5 11. Qd2 {Normal} 0-1

[Event "Rated Blitz game"]
[Site "?"]
[Date "2021.11.28"]
[Round "?"]
[White "Cranmobbed"]
[Black "YAKAY26"]
[Result "1-0"]
[WhiteElo "2510"]
[BlackElo "2427"]
[PlyCount "85"]
[EventDate "2021.??.??"]
[EventType "blitz"]

1. e4 e5 2. Nf3 d5 3. exd5 e4 4. Ne5 Bd6 5. d4 Nf6 6. c4 O-O 7. Nc3 c6 8. dxc6
bxc6 9. Bg5 Re8 10. Nxe4 Bxe5 11. dxe5 Qxd1+ 12. Rxd1 Nxe4 13. Bf4 Nc5 14. Be2
Ne6 15. Be3 Nd7 16. f4 Ndf8 17. O-O Ba6 18. b3 Rad8 19. Rd6 Rxd6 20. exd6 Rd8
21. Rd1 f5 22. Bf3 Bb7 23. c5 Nd7 24. b4 Kf8 25. g4 fxg4 26. Bxg4 Re8 27. Kf2
Bc8 28. Bf3 Nd8 29. a4 Nf6 30. b5 cxb5 31. axb5 Bg4 32. c6 Bxf3 33. Kxf3 Ne6
34. Bxa7 g5 35. f5 g4+ 36. Kg3 Ng5 37. d7 Nge4+ 38. Kg2 Nxd7 39. cxd7 Rd8 40.
Bb6 Nc3 41. Bxd8 Nxd1 42. Bg5 Ne3+ 43. Kg1 {Normal} 1-0

[Event "Rated Blitz tournament LBkgDjXl"]
[Site "?"]
[Date "2021.11.28"]
[Round "?"]
[White "rea07"]
[Black "HEISENBERG_1956"]
[Result "0-1"]
[WhiteElo "2290"]
[BlackElo "2574"]
[PlyCount "32"]
[EventDate "2021.??.??"]
[EventType "blitz"]

1. e4 e5 2. Nf3 d5 3. exd5 e4 4. Qe2 Nf6 5. Nc3 Be7 6. Nxe4 O-O 7. d3 Re8 8.
Bd2 Nxd5 9. O-O-O Nc6 10. Qe1 f5 11. Ng3 Bf6 12. Be2 Be6 13. Nh5 Bf7 14. Nf4
Nxf4 15. Bxf4 Nd4 16. Nxd4 Qxd4 {Normal} 0-1

[Event "Rated Blitz game"]
[Site "?"]
[Date "2021.11.28"]
[Round "?"]
[White "Cadlag"]
[Black "Annali-annaliew1979"]
[Result "1-0"]
[WhiteElo "2576"]
[BlackElo "2463"]
[PlyCount "143"]
[EventDate "2021.??.??"]
[EventType "blitz"]

1. e4 e5 2. Nf3 d5 3. d3 dxe4 4. dxe4 Qxd1+ 5. Kxd1 Bg4 6. c3 Bc5 7. Be3 Bxe3
8. fxe3 Nc6 9. Bb5 O-O-O+ 10. Kc2 Nge7 11. Nbd2 f6 12. h3 Bh5 13. g4 Bg6 14.
Nh4 a6 15. Nxg6 hxg6 16. Bc4 g5 17. Nf1 Ng6 18. Ng3 Nce7 19. Be6+ Kb8 20. Bf5
Nh4 21. Rad1 c6 22. Rxd8+ Rxd8 23. Rd1 Rxd1 24. Kxd1 g6 25. Be6 Kc7 26. Ke2 Kd6
27. Bf7 c5 28. Nf1 b5 29. Nd2 Nc6 30. Nf3 Nxf3 31. Kxf3 Ne7 32. b3 a5 33. Ke2
Kc6 34. Be8+ Kb6 35. Kd3 Nc8 36. Bxg6 Nd6 37. Ke2 c4 38. Kd2 Kc5 39. Kc2 b4 40.
cxb4+ axb4 41. bxc4 Nxc4 42. Kd3 Nd6 43. Bh7 Kb5 44. Bg8 Ka4 45. Bd5 Ka3 46.
Kc2 Nb5 47. Kd3 Nc3 48. Kc4 Nxa2 49. Kc5 Nc3 50. Bc4 Nxe4+ 51. Kd5 Nf2 52. Ke6
Nxh3 53. Kxf6 e4 54. Kf5 Kb2 55. Kxe4 Kc3 56. Be6 Nf2+ 57. Kf5 Nd3 58. Kxg5 Nb2
59. Ba2 Nc4 60. Kf4 Nd6 61. g5 Kb2 62. Bd5 Kc3 63. g6 Nc4 64. Bxc4 Kxc4 65. g7
b3 66. g8=Q+ Kc3 67. e4 b2 68. Qg1 Kd3 69. e5 Kc2 70. e6 b1=R 71. Qxb1+ Kxb1
72. e7 {Normal} 1-0

[Event "Rated Blitz game"]
[Site "?"]
[Date "2021.11.28"]
[Round "?"]
[White "ManuQ16"]
[Black "Engvangchess"]
[Result "1-0"]
[WhiteElo "2431"]
[BlackElo "2383"]
[PlyCount "83"]
[EventDate "2021.??.??"]
[EventType "blitz"]

1. e4 e5 2. Nf3 d5 3. exd5 Bd6 4. Nc3 Nf6 5. d3 Nbd7 6. g3 Nb6 7. Bg2 Nfxd5 8.
O-O Nxc3 9. bxc3 O-O 10. Re1 f6 11. d4 Bg4 12. h3 Bh5 13. g4 Bg6 14. dxe5 fxe5
15. Bg5 Qe8 16. c4 Nxc4 17. Nh4 Nb6 18. Bxb7 Rd8 19. Bxd8 Qxd8 20. Nxg6 hxg6
21. Re4 Qh4 22. Qf1 Nd7 23. Qg2 Nc5 24. Bd5+ Kh8 25. Rc4 e4 26. Bxe4 Rf4 27.
Re1 Qf6 28. Bd3 Nxd3 29. cxd3 Kh7 30. g5 Qf5 31. Ree4 a5 32. Rxf4 Bxf4 33. Qg4
Qxg4+ 34. hxg4 Bd6 35. Kg2 Kg8 36. Kf3 Kf7 37. Ke4 Ke6 38. f4 c5 39. f5+ gxf5+
40. gxf5+ Kd7 41. Rc1 Kc6 42. Rh1 {Normal} 1-0